000 00689nam a2200289Ia 4500
005 20260324130513.0
008 008 260324s9999 xx 000 0 eng d
020 _a9780203933800
037 _aEBOOK
040 _aCRL
040 _beng
040 _cCRL
041 _2eng
041 _aeng
084 _qCRL
100 _aWaltraud Ernst; Biswamoy Pati
_91182031
245 0 _aIndia's Princely States
245 0 _bPeople, Princes and Colonialism
260 _bTaylor and Francis
260 _c2007
365 _a
365 _b240
856 _uhttp://www.taylorfrancis.com/books/9780203933800
942 _cEBOOK
999 _c1778247
_d1778247